| 000 | 00408nam a2200157Ia 4500 | ||
|---|---|---|---|
| 008 | 230718s9999 xx 000 0 und d | ||
| 041 | _aeng | ||
| 082 |
_a621.3848 _bEDD |
||
| 100 |
_aEdde B. _9160328 |
||
| 245 | _aRadar Principles, Technology, Applications | ||
| 260 |
_c2004 _bPearson |
||
| 300 | _a718 | ||
| 365 |
_cRs. _b375.00 |
||
| 700 |
_aEdde B. _9160328 |
||
| 906 |
_dB:1879027-Nov-2003 _cETC _b75 |
||
| 999 |
_c306372 _d306372 |
||